000 00558nam a2200181Ia 4500
003 GCL
008 140319s9999 xx 000 0 ara d
040 _aGCL /
_cGCL
082 0 4 _a345.02
_bم ق
100 1 _aمحمد زكى ابوعامر
245 1 0 _aقانون العقوبات :
_bالقسم الخاص /
_cمحمد زكى ابوعامر
260 _aالقاهرة :
_bمكتبة الصحابة ،
_c1989
300 _a1010 ص ؛
_c24 سم
490 _a
650 0 4 _aالقانون
650 0 4 _aقانون العقوبات
942 _2ddc
_cBK
999 _c54040
_d54040